| 000 | 00525nam a2200193Ia 4500 | ||
|---|---|---|---|
| 003 | LDD | ||
| 008 | 181029s9999 xx 000 0 und d | ||
| 020 |
_a761935118 _c795.00 |
||
| 040 | _cLDD | ||
| 100 | _aKumar, Girish | ||
| 245 | 0 |
_aLocal Democracy In India _cGirish Kumar |
|
| 260 |
_aNew Delhi _bSage _c2006 |
||
| 300 | _a326p. | ||
| 365 | _b795.00 | ||
| 901 |
_a3511 _b21-11-2006 |
||
| 902 |
_aG-423/06-07 _b21-12-2006 _cF _dMPD _e32 |
||
| 903 |
_aDiscount-10 _bReqst by : S. V. Reddy |
||
| 942 |
_2ddc _cBK |
||
| 999 |
_c76540 _d76540 |
||